000 00923nam0a2200265 4500
001 RU\NLR\ONL1\4452
005 20260406072356.0
035 _a(NLR Aleph) 009633204
090 _a9507049
_c9507049
100 _a20041123d1940 |||y0rusy50 ca
101 0 _achm
102 _aRU
105 _ay |||||||||
200 1 _aПиалан колхоз илыш
_eОйлымаш-шамыч
210 _aЙошкар-Ола
_cМаргосиздат
_d1940
215 _a84 с.
_d21
541 1 _aСчастливая колхозная жизнь
_eСб. рассказов
_zrus
686 1 _aШ6(2=Мар)7-4
700 1 _4070
_8rus
_7ca
_cмар. писатель
_aОрай
_bД. Ф.
_f1901-1950
_gДимитрий Федорович
_3RU\NLR\auth-onl\77118
_9130178
801 0 _aRU
_bNLR
_c20041123
_gPSBO
852 _aNLR
_bОНЛ
_jМар.л./3-453
942 _cBOOK
980 _aNB